[Event "DEM U12w 2024"]
[Site "Willingen GER"]
[Date "2024.05.19"]
[Round "1"]
[White "Haidekker, Ailis"]
[Black "Wang, Enya Marie"]
[Result "0-1"]
[Termination "normal"]
[Board "16"]
[WhiteElo "1224"]
[BlackElo "1614"]
[WhiteClock "00:30:57"]
[BlackClock "01:04:21"]
[PlyCount "114"]
[WhiteFideId "34649263"]
[BlackFideId "34660330"]
[EventCountry "GER"]
[EventRounds "9"]
[EventType "swiss"]
[EventDate "2024.05.18"]

1. e4 {[%clk 01:30:59]} {[%emt 10:38:37]} e5 {[%clk 01:30:58]} {[%emt
00:00:02]} 2. Nf3 {[%clk 01:31:20]} {[%emt 00:00:09]} Nc6 {[%clk 01:31:21]}
{[%emt 00:00:07]} 3. Bc4 {[%clk 01:31:42]} {[%emt 00:00:08]} Nf6 {[%clk
01:31:43]} {[%emt 00:00:08]} 4. Nc3 {[%clk 01:31:03]} {[%emt 00:01:10]} h6
{[%clk 01:30:13]} {[%emt 00:02:00]} 5. O-O {[%clk 01:30:49]} {[%emt 00:00:44]}
d6 {[%clk 01:29:37]} {[%emt 00:01:06]} 6. h3 {[%clk 01:29:13]} {[%emt
00:02:05]} g5 {[%clk 01:29:43]} {[%emt 00:00:24]} 7. Nh2 {[%clk 01:26:10]}
{[%emt 00:03:32]} h5 {[%clk 01:26:50]} {[%emt 00:03:24]} 8. Nd5 {[%clk
01:23:25]} {[%emt 00:03:15]} Nxe4 {[%clk 01:24:43]} {[%emt 00:02:37]} 9. d3
{[%clk 01:21:47]} {[%emt 00:02:08]} Nc5 {[%clk 01:23:53]} {[%emt 00:01:21]} 10.
c3 {[%clk 01:18:30]} {[%emt 00:03:46]} Na5 {[%clk 01:22:40]} {[%emt 00:01:43]}
11. Qf3 {[%clk 01:13:40]} {[%emt 00:05:20]} f5 {[%clk 01:15:56]} {[%emt
00:07:14]} 12. a3 {[%clk 01:05:43]} {[%emt 00:08:28]} Nxc4 {[%clk 01:15:37]}
{[%emt 00:00:48]} 13. dxc4 {[%clk 01:06:03]} {[%emt 00:00:10]} g4 {[%clk
01:12:34]} {[%emt 00:03:33]} 14. hxg4 {[%clk 01:05:18]} {[%emt 00:01:15]} hxg4
{[%clk 01:12:44]} {[%emt 00:00:21]} 15. Qe2 {[%clk 01:00:45]} {[%emt 00:05:00]}
Qh4 {[%clk 01:10:21]} {[%emt 00:02:55]} 16. Bf4 {[%clk 00:56:43]} {[%emt
00:04:32]} Ne6 {[%clk 01:09:54]} {[%emt 00:00:57]} 17. Bg3 {[%clk 00:54:42]}
{[%emt 00:02:29]} Qh6 {[%clk 01:07:32]} {[%emt 00:02:53]} 18. f4 {[%clk
00:45:48]} {[%emt 00:09:25]} gxf3 {[%clk 01:05:26]} {[%emt 00:02:36]} 19. Nxf3
{[%clk 00:44:27]} {[%emt 00:01:50]} c6 {[%clk 01:04:27]} {[%emt 00:01:30]} 20.
Nb4 {[%clk 00:40:49]} {[%emt 00:04:08]} Nc5 {[%clk 01:00:41]} {[%emt 00:04:16]}
21. Rad1 {[%clk 00:38:49]} {[%emt 00:02:28]} Ne4 {[%clk 00:59:03]} {[%emt
00:02:09]} 22. Bh4 {[%clk 00:37:08]} {[%emt 00:02:10]} Be7 {[%clk 00:58:15]}
{[%emt 00:01:20]} 23. g3 {[%clk 00:31:31]} {[%emt 00:06:07]} Bxh4 {[%clk
00:57:21]} {[%emt 00:01:24]} 24. Nxh4 {[%clk 00:26:03]} {[%emt 00:05:58]} Nxg3
{[%clk 00:56:24]} {[%emt 00:01:27]} 25. Qf3 {[%clk 00:24:46]} {[%emt 00:01:47]}
Nxf1 {[%clk 00:56:24]} {[%emt 00:00:30]} 26. Nxf5 {[%clk 00:24:56]} {[%emt
00:00:20]} Qg5+ {[%clk 00:55:05]} {[%emt 00:01:48]} 27. Kxf1 {[%clk 00:23:14]}
{[%emt 00:02:12]} Qxf5 {[%clk 00:54:25]} {[%emt 00:01:10]} 28. Qxf5 {[%clk
00:22:48]} {[%emt 00:00:57]} Bxf5 {[%clk 00:54:49]} {[%emt 00:00:06]} 29. Rxd6
{[%clk 00:23:14]} {[%emt 00:00:04]} Ke7 {[%clk 00:54:54]} {[%emt 00:00:24]} 30.
Rd2 {[%clk 00:23:20]} {[%emt 00:00:23]} Raf8 {[%clk 00:54:39]} {[%emt
00:00:46]} 31. Ke1 {[%clk 00:22:45]} {[%emt 00:01:06]} Rh1+ {[%clk 00:54:56]}
{[%emt 00:00:12]} 32. Ke2 {[%clk 00:22:33]} {[%emt 00:00:43]} Rh2+ {[%clk
00:55:21]} {[%emt 00:00:05]} 33. Ke3 {[%clk 00:22:59]} {[%emt 00:00:04]} Rxd2
{[%clk 00:55:32]} {[%emt 00:00:18]} 34. Kxd2 {[%clk 00:23:27]} {[%emt
00:00:02]} Kd6 {[%clk 00:55:52]} {[%emt 00:00:10]} 35. Nd3 {[%clk 00:23:52]}
{[%emt 00:00:06]} Bxd3 {[%clk 00:56:16]} {[%emt 00:00:06]} 36. Kxd3 {[%clk
00:24:17]} {[%emt 00:00:04]} Kc5 {[%clk 00:56:33]} {[%emt 00:00:14]} 37. b4+
{[%clk 00:24:40]} {[%emt 00:00:06]} Kd6 {[%clk 00:56:57]} {[%emt 00:00:07]} 38.
c5+ {[%clk 00:24:57]} {[%emt 00:00:12]} Ke6 {[%clk 00:57:09]} {[%emt 00:00:19]}
39. c4 {[%clk 00:25:19]} {[%emt 00:00:08]} Rf3+ {[%clk 00:57:33]} {[%emt
00:00:06]} 40. Ke4 {[%clk 00:25:33]} {[%emt 00:00:16]} Rxa3 {[%clk 00:57:55]}
{[%emt 00:00:08]} 41. b5 {[%clk 00:26:02]} {[%emt 00:00:01]} Rc3 {[%clk
00:58:12]} {[%emt 00:00:14]} 42. b6 {[%clk 00:25:52]} {[%emt 00:00:39]} Rxc4+
{[%clk 00:58:36]} {[%emt 00:00:06]} 43. Kd3 {[%clk 00:26:13]} {[%emt 00:00:09]}
Rxc5 {[%clk 00:58:53]} {[%emt 00:00:13]} 44. bxa7 {[%clk 00:26:36]} {[%emt
00:00:08]} Ra5 {[%clk 00:59:17]} {[%emt 00:00:05]} 45. Kc4 {[%clk 00:26:47]}
{[%emt 00:00:19]} Rxa7 {[%clk 00:59:43]} {[%emt 00:00:05]} 46. Kd3 {[%clk
00:27:10]} {[%emt 00:00:06]} b5 {[%clk 01:00:09]} {[%emt 00:00:04]} 47. Kc3
{[%clk 00:27:36]} {[%emt 00:00:04]} c5 {[%clk 01:00:35]} {[%emt 00:00:04]} 48.
Kd3 {[%clk 00:27:57]} {[%emt 00:00:09]} b4 {[%clk 01:01:02]} {[%emt 00:00:03]}
49. Kc2 {[%clk 00:28:21]} {[%emt 00:00:06]} c4 {[%clk 01:01:27]} {[%emt
00:00:05]} 50. Kb2 {[%clk 00:28:46]} {[%emt 00:00:04]} c3+ {[%clk 01:01:50]}
{[%emt 00:00:08]} 51. Kb3 {[%clk 00:29:11]} {[%emt 00:00:05]} Rc7 {[%clk
01:02:16]} {[%emt 00:00:04]} 52. Kc2 {[%clk 00:29:22]} {[%emt 00:00:19]} e4
{[%clk 01:02:30]} {[%emt 00:00:15]} 53. Kb3 {[%clk 00:29:30]} {[%emt 00:00:23]}
c2 {[%clk 01:02:55]} {[%emt 00:00:04]} 54. Kb2 {[%clk 00:29:56]} {[%emt
00:00:04]} c1=Q+ {[%clk 01:03:19]} {[%emt 00:00:06]} 55. Kb3 {[%clk 00:30:19]}
{[%emt 00:00:07]} Qc3+ {[%clk 01:03:40]} {[%emt 00:00:09]} 56. Ka2 {[%clk
00:30:36]} {[%emt 00:00:13]} Qc2+ {[%clk 01:03:56]} {[%emt 00:00:14]} 57. Ka1
{[%clk 00:30:57]} {[%emt 00:00:09]} Ra7# {[%clk 01:04:21]} {[%emt 00:00:05]}
0-1

[Event "DEM U12w 2024"]
[Site "Willingen GER"]
[Date "2024.05.19"]
[Round "1"]
[White "Hladeniuk, Yelyzaveta"]
[Black "Jamalli, Malak"]
[Result "1-0"]
[Termination "normal"]
[Board "17"]
[WhiteElo "1646"]
[BlackElo "1197"]
[WhiteClock "00:03:17"]
[BlackClock "01:04:14"]
[PlyCount "103"]
[WhiteFideId "34176128"]
[BlackFideId "533000689"]
[EventCountry "GER"]
[EventRounds "9"]
[EventType "swiss"]
[EventDate "2024.05.18"]

1. d4 {[%clk 01:30:57]} {[%emt 00:00:02]} d5 {[%clk 01:30:54]} {[%emt
00:00:06]} 2. c4 {[%clk 01:31:19]} {[%emt 00:00:09]} e6 {[%clk 01:31:18]}
{[%emt 00:00:06]} 3. Nc3 {[%clk 01:31:41]} {[%emt 00:00:07]} Nf6 {[%clk
01:31:38]} {[%emt 00:00:10]} 4. cxd5 {[%clk 01:31:36]} {[%emt 00:00:35]} exd5
{[%clk 01:31:57]} {[%emt 00:00:11]} 5. Bg5 {[%clk 01:31:54]} {[%emt 00:00:12]}
Be7 {[%clk 01:32:15]} {[%emt 00:00:13]} 6. e3 {[%clk 01:31:59]} {[%emt
00:00:25]} O-O {[%clk 01:32:07]} {[%emt 00:00:38]} 7. Bd3 {[%clk 01:31:43]}
{[%emt 00:00:45]} Nbd7 {[%clk 01:31:56]} {[%emt 00:00:42]} 8. Nf3 {[%clk
01:29:25]} {[%emt 00:02:48]} c6 {[%clk 01:31:59]} {[%emt 00:00:27]} 9. O-O
{[%clk 01:29:08]} {[%emt 00:00:45]} h6 {[%clk 01:31:40]} {[%emt 00:00:50]} 10.
Bh4 {[%clk 01:24:01]} {[%emt 00:05:36]} Re8 {[%clk 01:31:04]} {[%emt 00:01:08]}
11. a3 {[%clk 01:23:04]} {[%emt 00:01:27]} Qb6 {[%clk 01:29:56]} {[%emt
00:01:37]} 12. Na4 {[%clk 01:15:38]} {[%emt 00:07:55]} Qc7 {[%clk 01:29:32]}
{[%emt 00:00:56]} 13. b4 {[%clk 01:15:00]} {[%emt 00:01:07]} b5 {[%clk
01:28:19]} {[%emt 00:01:45]} 14. Nb2 {[%clk 01:11:18]} {[%emt 00:04:10]} Ng4
{[%clk 01:26:55]} {[%emt 00:01:54]} 15. Bxe7 {[%clk 01:10:31]} {[%emt
00:01:18]} Rxe7 {[%clk 01:26:49]} {[%emt 00:00:36]} 16. h3 {[%clk 01:10:24]}
{[%emt 00:00:36]} Ngf6 {[%clk 01:27:00]} {[%emt 00:00:20]} 17. Rc1 {[%clk
01:10:30]} {[%emt 00:00:23]} a6 {[%clk 01:26:47]} {[%emt 00:00:44]} 18. Nd2
{[%clk 00:58:43]} {[%emt 00:12:16]} Nb6 {[%clk 01:25:26]} {[%emt 00:01:52]} 19.
Qb3 {[%clk 00:47:55]} {[%emt 00:11:12]} Ne4 {[%clk 01:21:57]} {[%emt 00:04:05]}
20. Bxe4 {[%clk 00:45:20]} {[%emt 00:03:04]} dxe4 {[%clk 01:22:01]} {[%emt
00:00:26]} 21. Qc2 {[%clk 00:45:28]} {[%emt 00:00:23]} Bd7 {[%clk 01:21:01]}
{[%emt 00:01:30]} 22. Nb3 {[%clk 00:34:11]} {[%emt 00:11:47]} Qd6 {[%clk
01:20:17]} {[%emt 00:01:14]} 23. Qc5 {[%clk 00:32:05]} {[%emt 00:02:33]} Qe6
{[%clk 01:16:34]} {[%emt 00:04:15]} 24. Na5 {[%clk 00:28:13]} {[%emt 00:04:17]}
Nd5 {[%clk 01:14:59]} {[%emt 00:02:11]} 25. Qc2 {[%clk 00:24:24]} {[%emt
00:04:12]} Qg6 {[%clk 01:14:57]} {[%emt 00:00:39]} 26. Kh2 {[%clk 00:23:09]}
{[%emt 00:01:42]} Re6 {[%clk 01:13:21]} {[%emt 00:02:09]} 27. Rg1 {[%clk
00:19:26]} {[%emt 00:04:06]} Rf6 {[%clk 01:12:05]} {[%emt 00:01:53]} 28. Nb3
{[%clk 00:17:23]} {[%emt 00:02:29]} Qh5 {[%clk 01:11:06]} {[%emt 00:01:32]} 29.
Rcf1 {[%clk 00:12:47]} {[%emt 00:05:02]} Bf5 {[%clk 01:09:18]} {[%emt
00:02:23]} 30. g4 {[%clk 00:11:48]} {[%emt 00:01:29]} Qh4 {[%clk 01:08:09]}
{[%emt 00:01:39]} 31. gxf5 {[%clk 00:12:04]} {[%emt 00:00:14]} Rxf5 {[%clk
01:08:02]} {[%emt 00:00:37]} 32. Rg4 {[%clk 00:12:06]} {[%emt 00:00:24]} Qh5
{[%clk 01:07:48]} {[%emt 00:00:43]} 33. Qxe4 {[%clk 00:11:49]} {[%emt
00:00:50]} Nf6 {[%clk 01:06:31]} {[%emt 00:01:48]} 34. Qg2 {[%clk 00:10:32]}
{[%emt 00:01:43]} Nxg4+ {[%clk 01:06:22]} {[%emt 00:00:44]} 35. Qxg4 {[%clk
00:10:50]} {[%emt 00:00:11]} Qxg4 {[%clk 01:06:41]} {[%emt 00:00:11]} 36. hxg4
{[%clk 00:11:16]} {[%emt 00:00:05]} Rg5 {[%clk 01:06:30]} {[%emt 00:00:40]} 37.
Rg1 {[%clk 00:10:04]} {[%emt 00:01:42]} Rd8 {[%clk 01:06:23]} {[%emt 00:00:37]}
38. Nd3 {[%clk 00:10:08]} {[%emt 00:00:26]} Rd6 {[%clk 01:06:00]} {[%emt
00:00:53]} 39. Ne5 {[%clk 00:09:19]} {[%emt 00:01:19]} Rf6 {[%clk 01:05:23]}
{[%emt 00:01:08]} 40. f4 {[%clk 00:09:26]} {[%emt 00:00:22]} Rgg6 {[%clk
01:05:25]} {[%emt 00:00:28]} 41. Nxg6 {[%clk 00:09:39]} {[%emt 00:00:17]} fxg6
{[%clk 01:05:14]} {[%emt 00:00:41]} 42. Nc5 {[%clk 00:09:58]} {[%emt 00:00:12]}
h5 {[%clk 01:04:59]} {[%emt 00:00:44]} 43. g5 {[%clk 00:09:48]} {[%emt
00:00:41]} Rf7 {[%clk 01:05:15]} {[%emt 00:00:13]} 44. Nxa6 {[%clk 00:10:08]}
{[%emt 00:00:10]} Ra7 {[%clk 01:05:39]} {[%emt 00:00:07]} 45. Nb8 {[%clk
00:09:43]} {[%emt 00:00:55]} Rxa3 {[%clk 01:05:52]} {[%emt 00:00:17]} 46. Re1
{[%clk 00:09:49]} {[%emt 00:00:22]} Rc3 {[%clk 01:06:03]} {[%emt 00:00:21]} 47.
Na6 {[%clk 00:08:27]} {[%emt 00:01:49]} Rc2+ {[%clk 01:04:26]} {[%emt
00:02:09]} 48. Kh1 {[%clk 00:08:30]} {[%emt 00:00:24]} h4 {[%clk 01:04:44]}
{[%emt 00:00:15]} 49. Nc7 {[%clk 00:07:55]} {[%emt 00:01:04]} Kf7 {[%clk
01:04:41]} {[%emt 00:00:34]} 50. d5 {[%clk 00:05:53]} {[%emt 00:02:32]} c5
{[%clk 01:04:32]} {[%emt 00:00:38]} 51. d6 {[%clk 00:04:05]} {[%emt 00:02:20]}
cxb4 {[%clk 01:04:14]} {[%emt 00:00:48]} 52. Rd1 {[%clk 00:03:17]} {[%emt
00:01:17]} 1-0

[Event "DEM U12w 2024"]
[Site "Willingen GER"]
[Date "2024.05.19"]
[Round "1"]
[White "Alnajjar, Sara"]
[Black "Heidtkamp, Anna"]
[Result "0-1"]
[Termination "normal"]
[Board "18"]
[WhiteElo "1194"]
[BlackElo "1622"]
[WhiteClock "01:15:39"]
[BlackClock "01:13:48"]
[PlyCount "114"]
[WhiteFideId "34668659"]
[BlackFideId "16269012"]
[EventCountry "GER"]
[EventRounds "9"]
[EventType "swiss"]
[EventDate "2024.05.18"]

1. e4 {[%clk 01:30:59]} e5 {[%clk 01:30:56]} {[%emt 00:00:04]} 2. Nf3 {[%clk
01:31:19]} {[%emt 00:00:11]} Nc6 {[%clk 01:31:21]} {[%emt 00:00:05]} 3. Nc3
{[%clk 01:31:39]} {[%emt 00:00:10]} Nf6 {[%clk 01:31:40]} {[%emt 00:00:11]} 4.
Bc4 {[%clk 01:32:00]} {[%emt 00:00:09]} Bc5 {[%clk 01:32:00]} {[%emt 00:00:10]}
5. d3 {[%clk 01:32:22]} {[%emt 00:00:08]} d6 {[%clk 01:32:24]} {[%emt
00:00:06]} 6. Be3 {[%clk 01:32:36]} {[%emt 00:00:15]} Bb6 {[%clk 01:32:40]}
{[%emt 00:00:14]} 7. O-O {[%clk 01:32:48]} {[%emt 00:00:19]} Bg4 {[%clk
01:33:05]} {[%emt 00:00:04]} 8. Nd5 {[%clk 01:32:29]} {[%emt 00:00:49]} Nxd5
{[%clk 01:32:27]} {[%emt 00:01:10]} 9. Bxd5 {[%clk 01:32:16]} {[%emt 00:00:42]}
Qd7 {[%clk 01:32:41]} {[%emt 00:00:16]} 10. h3 {[%clk 01:32:10]} {[%emt
00:00:36]} Bh5 {[%clk 01:32:59]} {[%emt 00:00:12]} 11. Nxe5 {[%clk 01:31:12]}
{[%emt 00:01:28]} Bxd1 {[%clk 01:27:15]} {[%emt 00:06:13]} 12. Nxd7 {[%clk
01:31:27]} {[%emt 00:00:16]} Bxc2 {[%clk 01:27:01]} {[%emt 00:00:44]} 13. Nxb6
{[%clk 01:31:21]} {[%emt 00:00:36]} axb6 {[%clk 01:26:32]} {[%emt 00:00:59]}
14. Bc4 {[%clk 01:31:22]} {[%emt 00:00:28]} Ne5 {[%clk 01:26:08]} {[%emt
00:00:55]} 15. f3 {[%clk 01:29:55]} {[%emt 00:01:57]} Bxd3 {[%clk 01:21:05]}
{[%emt 00:05:34]} 16. Bxd3 {[%clk 01:29:52]} {[%emt 00:00:32]} Nxd3 {[%clk
01:21:27]} {[%emt 00:00:09]} 17. b3 {[%clk 01:29:52]} {[%emt 00:00:28]} Ne5
{[%clk 01:20:09]} {[%emt 00:01:48]} 18. f4 {[%clk 01:29:32]} {[%emt 00:00:50]}
Nc6 {[%clk 01:20:07]} {[%emt 00:00:33]} 19. Bd2 {[%clk 01:29:18]} {[%emt
00:00:43]} O-O {[%clk 01:20:18]} {[%emt 00:00:20]} 20. Bc3 {[%clk 01:29:24]}
{[%emt 00:00:24]} Rfe8 {[%clk 01:19:54]} {[%emt 00:00:54]} 21. Rfe1 {[%clk
01:28:50]} {[%emt 00:01:03]} f6 {[%clk 01:16:53]} {[%emt 00:03:32]} 22. Re3
{[%clk 01:27:32]} {[%emt 00:01:46]} d5 {[%clk 01:15:12]} {[%emt 00:02:13]} 23.
Re2 {[%clk 01:25:05]} {[%emt 00:02:54]} Rxe4 {[%clk 01:15:15]} {[%emt
00:00:30]} 24. Rxe4 {[%clk 01:25:09]} {[%emt 00:00:26]} dxe4 {[%clk 01:15:42]}
{[%emt 00:00:02]} 25. Re1 {[%clk 01:25:00]} {[%emt 00:00:38]} f5 {[%clk
01:15:40]} {[%emt 00:00:33]} 26. a4 {[%clk 01:25:06]} {[%emt 00:00:24]} Na5
{[%clk 01:15:57]} {[%emt 00:00:14]} 27. g4 {[%clk 01:23:44]} {[%emt 00:01:52]}
g6 {[%clk 01:15:46]} {[%emt 00:00:41]} 28. Kf2 {[%clk 01:22:54]} {[%emt
00:01:19]} Nxb3 {[%clk 01:16:02]} {[%emt 00:00:15]} 29. Rg1 {[%clk 01:22:58]}
{[%emt 00:00:25]} Rf8 {[%clk 01:15:52]} {[%emt 00:00:40]} 30. Be5 {[%clk
01:20:29]} {[%emt 00:02:56]} c6 {[%clk 01:11:10]} {[%emt 00:05:15]} 31. Rd1
{[%clk 01:20:21]} {[%emt 00:00:36]} Nc5 {[%clk 01:10:22]} {[%emt 00:01:21]} 32.
g5 {[%clk 01:18:00]} {[%emt 00:02:50]} Nd3+ {[%clk 01:10:23]} {[%emt 00:00:30]}
33. Ke3 {[%clk 01:17:56]} {[%emt 00:00:29]} Ra8 {[%clk 01:09:34]} {[%emt
00:01:24]} 34. Bc7 {[%clk 01:17:37]} {[%emt 00:00:48]} Rxa4 {[%clk 01:08:25]}
{[%emt 00:01:41]} 35. Be5 {[%clk 01:16:54]} {[%emt 00:01:10]} Ra3 {[%clk
01:08:14]} {[%emt 00:00:43]} 36. Ke2 {[%clk 01:16:33]} {[%emt 00:00:49]} Ra5
{[%clk 01:08:20]} {[%emt 00:00:25]} 37. Bf6 {[%clk 01:13:32]} {[%emt 00:03:31]}
Nxf4+ {[%clk 01:08:34]} {[%emt 00:00:17]} 38. Ke3 {[%clk 01:13:15]} {[%emt
00:00:46]} Nd5+ {[%clk 01:08:42]} {[%emt 00:00:22]} 39. Kf2 {[%clk 01:13:16]}
{[%emt 00:00:25]} Ra2+ {[%clk 01:08:06]} {[%emt 00:01:10]} 40. Ke1 {[%clk
01:12:56]} {[%emt 00:00:50]} Rh2 {[%clk 01:08:16]} {[%emt 00:00:21]} 41. Rd2
{[%clk 01:12:37]} {[%emt 00:00:45]} Rxd2 {[%clk 01:08:38]} {[%emt 00:00:12]}
42. Kxd2 {[%clk 01:12:48]} {[%emt 00:00:18]} Nxf6 {[%clk 01:09:03]} {[%emt
00:00:05]} 43. gxf6 {[%clk 01:13:07]} {[%emt 00:00:11]} Kf7 {[%clk 01:09:28]}
{[%emt 00:00:06]} 44. h4 {[%clk 01:13:26]} {[%emt 00:00:10]} f4 {[%clk
01:09:51]} {[%emt 00:00:08]} 45. h5 {[%clk 01:13:34]} {[%emt 00:00:21]} e3+
{[%clk 01:10:07]} {[%emt 00:00:15]} 46. Ke2 {[%clk 01:13:55]} {[%emt 00:00:08]}
b5 {[%clk 01:10:15]} {[%emt 00:00:23]} 47. hxg6+ {[%clk 01:14:01]} {[%emt
00:00:23]} hxg6 {[%clk 01:10:39]} {[%emt 00:00:07]} 48. Ke1 {[%clk 01:14:12]}
{[%emt 00:00:18]} f3 {[%clk 01:11:01]} {[%emt 00:00:09]} 49. Kf1 {[%clk
01:14:34]} {[%emt 00:00:08]} e2+ {[%clk 01:11:21]} {[%emt 00:00:09]} 50. Ke1
{[%clk 01:14:57]} {[%emt 00:00:07]} b4 {[%clk 01:11:46]} {[%emt 00:00:06]} 51.
Kf2 {[%clk 01:14:23]} {[%emt 00:01:03]} b3 {[%clk 01:12:08]} {[%emt 00:00:09]}
52. Ke3 {[%clk 01:14:31]} {[%emt 00:00:22]} e1=Q+ {[%clk 01:12:29]} {[%emt
00:00:09]} 53. Kxf3 {[%clk 01:14:35]} {[%emt 00:00:26]} b2 {[%clk 01:12:51]}
{[%emt 00:00:08]} 54. Kg2 {[%clk 01:14:56]} {[%emt 00:00:08]} Qe3 {[%clk
01:13:09]} {[%emt 00:00:11]} 55. Kh2 {[%clk 01:15:14]} {[%emt 00:00:12]} b1=R
{[%clk 01:13:23]} {[%emt 00:00:17]} 56. Kg2 {[%clk 01:15:27]} {[%emt 00:00:16]}
Rg1+ {[%clk 01:13:48]} {[%emt 00:00:06]} 57. Kh2 {[%clk 01:15:39]} {[%emt
00:00:19]} Qg3# {[%emt 00:00:02]} 0-1